The call of the wild

Guardat en:
Dades bibliogràfiques
Autor principal: London, Jack
Format: Llibre
Idioma:Undetermined
Publicat: Oxford Oxford Univ. Press 2000
Matèries:
Etiquetes: Afegir etiqueta
Sense etiquetes, Sigues el primer a etiquetar aquest registre!
Thư viện lưu trữ: Trung tâm Học liệu Trường Đại học Cần Thơ
LEADER 00527nam a2200205Ia 4500
001 CTU_65210
008 210402s9999 xx 000 0 und d
020 |c 28000 
082 |a 823.9 
082 |b L847 
100 |a London, Jack 
245 4 |a The call of the wild 
245 0 |c Jack London 
260 |a Oxford 
260 |b Oxford Univ. Press 
260 |c 2000 
650 |a England literature 
650 |y 19th century 
904 |i Minh,Qhieu đã sửa 
980 |a Trung tâm Học liệu Trường Đại học Cần Thơ